Constitution of Islamic Republic of Pakistan: (Record no. 613147)
[ view plain ]
| 000 -LEADER | |
|---|---|
| fixed length control field | 00369nam a22001217a 4500 |
| 082 ## - DEWEY DECIMAL CLASSIFICATION NUMBER | |
| Classification number | 342.5491 |
| Author Mark | CON |
| 245 ## - TITLE STATEMENT | |
| Title | Constitution of Islamic Republic of Pakistan: |
| Remainder of title | all amended edition / |
| 260 ## - PUBLICATION, DISTRIBUTION, ETC. | |
| Place of publication, distribution, etc. | Karachi : |
| Name of publisher, distributor, etc. | The Ideal Publishers, |
| Date of publication, distribution, etc. | 2024. |
| 300 ## - PHYSICAL DESCRIPTION | |
| Extent | 234 p. |
| 563 ## - BINDING INFORMATION | |
| Binding note | HB. |
| 650 ## - SUBJECT ADDED ENTRY--TOPICAL TERM | |
| Topical term or geographic name entry element | Law, Constitution of Islamic Republic of Pakistan |
| 942 ## - ADDED ENTRY ELEMENTS (KOHA) | |
| Source of classification or shelving scheme | |
| Koha item type | Book |
| 650 ## - SUBJECT ADDED ENTRY--TOPICAL TERM | |
| -- | 128122 |
| Withdrawn status | Lost status | Source of classification or shelving scheme | Damaged status | Not for loan | Permanent Location | Current Location | Date acquired | Full call number | Barcode | Date last seen | Price effective from | Koha item type | Public note |
|---|---|---|---|---|---|---|---|---|---|---|---|---|---|
| NUST Law School (NLS) | NUST Law School (NLS) | 03/04/2025 | 342.5491 CON | NLS-542 | 03/04/2025 | 03/04/2025 | Book | Transfer to Center for Legal Research (NLS) | |||||
| NUST Law School (NLS) | NUST Law School (NLS) | 03/04/2025 | 342.5491 CON | NLS-540 | 03/04/2025 | 03/04/2025 | Book | ||||||
| NUST Law School (NLS) | NUST Law School (NLS) | 03/04/2025 | 342.5491 CON | NLS-541 | 01/22/2026 | 03/04/2025 | Book |
